Loading...
| Fine Arts - Other | 0 | 3 | 0 | 0 | 30 | 89 | 97.00 | 0 | 3 | 7.00 | 16.67 |
| Religion | 0 | 2 | 0 | 2 | 20 | 143 | 144.00 | 0 | 1 | -0.06 | 3.33 |
| Science - Chemistry | 0 | 2 | 0 | 0 | 20 | 90 | 95.00 | 2 | 2 | 3.14 | 16.67 |
| Fine Arts - Painting and Sculpture | 0 | 2 | 0 | 1 | 20 | 81 | 87.50 | 0 | 2 | 6.27 | 12.92 |
| Mythology | 0 | 2 | 1 | 1 | 15 | 139 | 142.50 | 0 | 0 | 0.00 | 3.33 |
| Literature - European | 0 | 1 | 0 | 0 | 10 | 132 | 132.00 | 0 | 1 | 0.42 | 5.00 |
| Social Science | 0 | 0 | 1 | 0 | -5 | 0.00 | 0 | 0 | 0.00 | 0.00 | |
| Literature - British | 0 | 0 | 1 | 0 | -5 | 0.00 | 0 | 0 | 0.00 | 0.00 | |
| Fine Arts - Classical Music | 0 | 0 | 1 | 0 | -5 | 0.00 | 0 | 0 | 0.00 | 0.00 |